Francuska imigracja według państw - Statystyki

Ogólne statystyki
  • Ten quiz został rozwiązany 4 328 razy
  • Średni wynik to 13 z 21
Statystyki odpowiedzi
Ludzie Państwo % Poprawnych
85 852 Polska
92%
113 338 Niemcy
91%
244 774 Hiszpania
90%
853 466 Algieria
85%
802 806 Maroko
85%
145 460 Wielka Brytania
85%
286 395 Włochy
83%
121 962 Belgia
76%
601 762 Portugalia
71%
302 379 Tunezja
68%
108 712 Chiny
66%
244 034 Turcja
63%
90 164 DemokratycznaRepublika Konga
60%
116 949 Senegal
59%
86 047 Mali
54%
91 503 Kamerun
46%
133 978 Rumunia
39%
109 908 Wybrzeże KościSłoniowej
39%
77 400 Wietnam
32%
80 118 Serbia
27%
95 526 Haiti
10%
Nie znaleziono quizów pasujących do podanych kryteriów
Rozkład punktacji
Procent ludzi z każdym wynikiem
Percentyl według liczby udzielonych odpowiedzi
Twoja historia wyników
Nie rozwiązałeś tego quizu